00334nam a2200133 a 45000010010000000030011000100080041000210350026000620820014000881000017001022450017001192600053001366500011001890000-8582ELIB.Books110520 1997  a(ELIB.Books)0000-8728 aB.Th bMu aMu Thaw, Naw aThe Way Home bInsein: Karen Baptist Theolgical Seminary c1997 aThesis